000 00333nam a22001457a 4500
008 230412b ||||| |||| 00| 0 eng d
020 _a9781319131463
041 _aeng
080 _2EIGHTH EDITION
_a37
082 _a37ANK
100 _a22
101 _aEDUKIM
245 _aREAL WRITING WHIT READINGS
_cANKER.S
942 _2udc
_cBK
999 _c59520
_d59520